UM Logo
Normal view MARC view
  • Dockterman, Eliana.

Entry Personal Name

Number of records used in: 1

001 - CONTROL NUMBER

  • control field: 39163

003 - CONTROL NUMBER IDENTIFIER

  • control field: OSt

005 - DATE AND TIME OF LATEST TRANSACTION

  • control field: 20190810161212.0

008 - FIXED-LENGTH DATA ELEMENTS

  • fixed length control field: 190810|| aca||aabn | a|a d

040 ## - CATALOGING SOURCE

  • Original cataloging agency: OSt
  • Transcribing agency: OSt

100 ## - HEADING--PERSONAL NAME

  • Personal name: Dockterman, Eliana.

670 ## - SOURCE DATA FOUND

  • Source citation: Work cat.: (OSt): Dockterman, Eliana., The first black superhero leaps to the silver screen/, c2016.